[Event "EYCC 2017"]
[Site "Mamaia"]
[Date "2017.09.09"]
[Round "5"]
[White "Tomasi, Albert"]
[Black "Nalbant, Tuna Onat"]
[Result "1-0"]
[WhiteElo "2343"]
[BlackElo "1912"]
[Annotator "TA"]
[PlyCount "77"]
[EventDate "2017.??.??"]
[EventType "swiss"]
[EventCountry "ROU"]
[SourceTitle "playchess.com"]
[Source "ChessBase"]
[SourceQuality "1"]

{[%evp 21,77,23,25,8,16,0,6,0,50,48,47,31,61,11,88,54,53,35,62,40,57,49,238,233,211,208,208,182,241,151,245,263,363,281,421,392,656,621,976,950,1187,1043,1774,1798,1623,1515,29989,29990,29990,29991,29991,29991,29993,29994,29996,29996,29997,-351]} 1. e4 c5 2. Nf3 d6 3. d4 cxd4 4. Nxd4 Nf6 5. Nc3 a6 6. g3 e5 7. Nde2 Be7 8. Bg2 Be6 9. h3 {B91: Sicilian Najdorf: 6 g3} Nbd7 10. g4 h6 11. O-O O-O {LiveBook: 3 Games} 12. Be3 $146 ({Predecessor:} 12. Ng3 Nb6 13. Nd5 Nbxd5 14. exd5 Bd7 15. c4 Rc8 16. b3 b5 17. cxb5 Bxb5 {1-0 (49) Maksimov,O (2281)-Zakhartsov,V (2452) Moscow 2016}) 12... b5 13. Nd5 Bxd5 14. exd5 Qc7 15. Ng3 Rfc8 16. c3 (16. Nf5 $5 {[%cal Rf5e7]} Bf8 17. Rc1 $14) 16... Nb6 17. b3 a5 (17... Nh7 $11) 18. Qd3 Nbd7 19. Rac1 Rab8 20. f4 {[%cal Bf2f4,Bf4g5][%mdl 32]} Nc5 21. Qd2 Qd8 $2 {[#]} (21... Nfd7 $14) 22. g5 $1 $18 hxg5 23. fxg5 Nh7 {[%cal Re7g5]} 24. h4 $36 {[%mdl 2048] White is really pushing.} g6 (24... Rc7 $142 25. b4 (25. Bxc5 Rxc5 26. Qd3 Rc7 $16) 25... Nd7 26. bxa5 Ra8) 25. b4 axb4 (25... Nd7 $16 {keeps fighting.}) 26. cxb4 Na4 27. Rc6 (27. Rxc8 Rxc8 28. Rc1 f5 $16) 27... Qe8 (27... Qd7 {might work better.} 28. Ne4 (28. Qf2 Rf8 $18) 28... Qg4) 28. Ne4 Rd8 $2 (28... Qd7 29. Kh2 Rf8) 29. Bh3 Rb7 {[#]} 30. h5 $1 {[%mdl 512]} Kg7 (30... gxh5 31. g6) 31. Nf6 Bxf6 32. gxf6+ Kh8 33. Bh6 e4 34. Bg7+ {White mates.} Kg8 35. hxg6 fxg6 36. Be6+ Rf7 37. Qh6 e3 38. Kg2 e2 {[#]} 39. Qxh7+ $1 {[%mdl 33280] Precision: White = 59%, Black = 38%. . Loss on Time!?} 1-0

[Event "EYCC 2017"]
[Site "Mamaia"]
[Date "2017.09.09"]
[Round "5"]
[White "Badelka, Olga"]
[Black "Maltsevskaya, Aleksandra"]
[Result "1-0"]
[WhiteElo "2335"]
[BlackElo "2271"]
[Annotator "NA"]
[PlyCount "45"]
[EventDate "2017.??.??"]
[EventType "swiss"]
[EventCountry "ROU"]
[SourceTitle "playchess.com"]
[Source "ChessBase"]
[SourceQuality "1"]
[TimeControl "40/5400+30:1800+30"]

1. c4 {[%emt 0:00:00]} c6 {[%emt 0:00:07]} 2. e4 {[%emt 0:00:00]} d5 {[%emt 0:00:05]} 3. exd5 {[%emt 0:00:00]} cxd5 {[%emt 0:00:05]} 4. d4 {[%emt 0:00:00]} Nf6 {[%emt 0:00:08]} 5. Nc3 {[%emt 0:00:18]} Nc6 {[%emt 0:00:07]} 6. Bg5 {[%emt 0:00:37]} Be6 {[%emt 0:00:07]} 7. Be2 {[%emt 0:01:07]} g6 {[%emt 0:01:32]} 8. Bf3 {[%emt 0:03:23]} Qb6 {[%emt 0:12:23]} 9. Bxf6 {[%emt 0:18:13]} exf6 {[%emt 0:00:12]} 10. cxd5 {[%emt 0:00:08]} Nxd4 $18 {[%emt 0:11:19]} ({Much worse is} 10... Qxb2 11. Nge2 $18) 11. dxe6 {[%emt 0:00:13]} Qxb2 {[%emt 0:00:12]} 12. Qa4+ {[%emt 0:10:10]} b5 {[%emt 0:02:19]} 13. Qxd4 {[%emt 0:00:06]} Qxa1+ 14. Ke2 {[%emt 0:00:26]} Qb2+ {[%emt 0:02:18]} 15. Kd3 {[%emt 0:01:16]} fxe6 {[%emt 0:30:28]} 16. Bxa8 {[%emt 0:00:52]} Kf7 {[%emt 0:06:45]} 17. Nf3 {[%emt 0:00:38]} b4 {[%emt 0:06:09]} 18. Nb5 {[%emt 0:02:48]} Qxd4+ {[%emt 0:07:11]} 19. Nbxd4 {[%emt 0:00:47]} Bh6 {[%emt 0:01:03]} 20. Bc6 {[%emt 0:01:18]} e5 {[%emt 0:01:55]} 21. Nb3 {[%emt 0:01:12]} Rc8 {[%emt 0:02:50]} 22. Na5 {[%emt 0:00:22]} e4+ {[%emt 0:00:48]} 23. Kxe4 {[%emt 0:01:10]} 1-0

[Event "EYCC 2017"]
[Site "Mamaia"]
[Date "2017.09.09"]
[Round "5"]
[White "Radovic, Janko"]
[Black "Haria, Ravi"]
[Result "1/2-1/2"]
[WhiteElo "2330"]
[BlackElo "2398"]
[Annotator "TA"]
[PlyCount "77"]
[EventDate "2017.??.??"]
[EventType "swiss"]
[EventCountry "ROU"]
[SourceTitle "playchess.com"]
[Source "ChessBase"]
[SourceQuality "1"]

{[%evp 18,77,0,-10,0,-4,0,-6,39,0,0,0,0,-16,18,32,14,36,150,143,172,18,48,0,42,0,93,81,271,0,0,-668,-666,-551,18,32,15,42,49,52,57,54,185,31,102,101,116,23,26,0,122,122,131,129,127,138,200,142,129,0,0,0]} 1. e4 e6 2. d4 d5 3. Nc3 Bb4 4. e5 Ne7 5. Bd2 b6 6. Nce2 Bxd2+ {C16: French: 3 Nc3 Bb4 4 e5: Lines without ...c5} 7. Qxd2 Ba6 8. f4 c5 9. Nf3 Nbc6 {[%cal Bb8c6,Bc6a5,Ba5c4][%mdl 32]} 10. c3 {LiveBook: 14 Games} Rc8 (10... O-O 11. g4 f6 12. Ng3 Bxf1 13. Rxf1 fxe5 14. dxe5 {1-0 (43) Navara,D (2725)-Movsesian,S (2673) Prague 2016}) 11. O-O-O O-O 12. Kb1 Na5 $146 (12... Bxe2 $5 13. Bxe2 c4 $11) ({Predecessor:} 12... Qd7 13. g4 Na5 {½-½ (44) Vesselovsky,S (2435)-Cech,P (2312) Ostrava 2003}) 13. Ng3 (13. g4 $14) 13... Bxf1 $11 14. Rhxf1 Nc4 15. Qd3 b5 16. Ng5 {[%csl Gg5][%cal Rd3h7]} g6 17. dxc5 b4 (17... h6 $14 18. Nf3 a5) 18. cxb4 $16 {Strongly threatening b3.} Rb8 19. b3 $2 (19. Qb3 $18) 19... Rxb4 $11 20. Ka1 (20. N3e4 $5 {[%cal Rd3h3]} h6 21. Ka1 $16) 20... Na3 21. Rc1 (21. Nh5 $5) 21... Nc6 (21... a5 $11 {remains equal.}) 22. Qa6 Na5 $2 {[#]} (22... Qa5 $16 {might work better.} 23. Qxc6 Nb5) 23. f5 $2 (23. Qxa7 $2 Nb5 $19) (23. Nh5 $1 $18 {[%mdl 512]}) 23... Qb8 $1 {[%cal Rb8e5]} 24. Rfe1 $2 {[%mdl 8192]} (24. Nxf7 $11 Rxf7 25. Qxe6 Rxb3 26. axb3 Nxb3+ 27. Ka2 Nxc1+ 28. Rxc1) 24... Rxb3 $19 25. axb3 Nxb3+ $2 (25... Qb4 $1 $19 26. Nf3 exf5) 26. Ka2 $11 Nxc1+ 27. Rxc1 Nc4 {[%csl Gc4][%cal Rb8b2]} 28. Rc2 Qxe5 {...Rb8 is the strong threat.} 29. Nf3 (29. Qxa7 Qe3 $11) 29... Qf6 (29... Qe3 $1 $14) 30. Qb7 $2 (30. Qxa7 gxf5 31. Ne2 Rc8 $11) (30. fxe6 $18 fxe6 31. Ne2 (31. Qxa7 Rc8 $16)) 30... gxf5 ({Better is} 30... Qd8 $14 31. Qxa7 exf5) 31. c6 $36 {[%mdl 2048] White is on the roll.} (31. Qxa7 $6 Rc8 $15) 31... Qd8 {aiming for ...Qa5+.} 32. Qa6 ({Reject} 32. Qxa7 $6 Qd6 $11) ({White should play} 32. c7 $16 Qd7 33. Nd4 (33. Qxa7 Rc8 $11) 33... Qa4+ 34. Kb1 Na3+ 35. Kb2 Nc4+ 36. Rxc4 $1 {[%mdl 512]} Qxc4 37. Nc6) 32... Qd6 $11 {And now ...Rb8 would win.} 33. Nd2 Nb6 {[#]} (33... Rb8 $11 {keeps the balance.} 34. Nxc4 dxc4) 34. Qa3 $1 $16 {[%cal Ra3d6]} Qc7 35. Nh5 f6 36. Qe3 {Threatens to win with Qh6.} e5 (36... Qf7 $16) 37. Qh6 Qf7 {[#]} 38. c7 (38. Ng3 $1 $16) 38... Qg6 $11 39. Nxf6+ {Precision: White = 42%, Black = 43%.} 1/2-1/2

[Event "EYCC 2017"]
[Site "Mamaia"]
[Date "2017.09.09"]
[Round "5"]
[White "Schitco, Ivan"]
[Black "Velkovski, Kristijan"]
[Result "1/2-1/2"]
[WhiteElo "2325"]
[BlackElo "1814"]
[Annotator "NA"]
[PlyCount "77"]
[EventDate "2017.??.??"]
[EventType "swiss"]
[EventCountry "ROU"]
[SourceTitle "playchess.com"]
[Source "ChessBase"]
[SourceQuality "1"]
[TimeControl "40/5400+30:1800+30"]

1. d4 {[%emt 0:00:00]} d5 {[%emt 0:00:16]} 2. c4 {[%emt 0:00:00]} e6 {[%emt 0:00:06]} 3. Nc3 {[%emt 0:00:00]} Nf6 {[%emt 0:00:12]} 4. cxd5 {[%emt 0:00:09]} exd5 {[%emt 0:00:23]} 5. Bg5 {[%emt 0:00:07]} Be7 {[%emt 0:00:56]} 6. e3 {[%emt 0:00:26]} c6 {[%emt 0:00:44]} 7. Bd3 {[%emt 0:00:44]} Be6 {[%emt 0:01:16]} 8. Nf3 {[%emt 0:03:44]} Nbd7 {[%emt 0:00:56]} 9. O-O {[%emt 0:01:47]} O-O {[%emt 0:00:19]} 10. Qc2 {[%emt 0:00:32]} h6 {[%emt 0:02:55]} 11. Bh4 {[%emt 0:00:42]} Rc8 {[%emt 0:01:23]} 12. h3 {[%emt 0:10:51]} c5 {[%emt 0:06:12]} 13. Rfd1 {[%emt 0:05:13]} c4 {[%emt 0:07:33]} 14. Bf5 {[%emt 0:08:46]} Qb6 {[%emt 0:05:07]} 15. Ne5 {[%emt 0:06:50]} Rfe8 {[%emt 0:06:20]} 16. Rab1 {[%emt 0:06:18]} Bxf5 {[%emt 0:04:48]} 17. Qxf5 {[%emt 0:00:25]} Qe6 {[%emt 0:00:50]} 18. Qxe6 {[%emt 0:03:11]} fxe6 {[%emt 0:01:40]} 19. Nxd7 {[%emt 0:01:25]} Nxd7 {[%emt 0:00:19]} 20. Bxe7 {[%emt 0:00:14]} Rxe7 {[%emt 0:00:10]} 21. b3 {[%emt 0:07:11]} a6 {[%emt 0:04:18]} 22. a4 {[%emt 0:04:22]} Nf6 {[%emt 0:05:56]} 23. b4 {[%emt 0:02:56]} b6 {[%emt 0:01:27]} 24. f3 {[%emt 0:04:07]} Kf7 {[%emt 0:10:12]} 25. e4 {[%emt 0:05:21]} Rd8 {[%emt 0:02:32]} 26. e5 {[%emt 0:03:59]} Nh5 {[%emt 0:00:47]} 27. Ne2 {[%emt 0:00:07]} g5 {[%emt 0:02:36]} 28. g3 {[%emt 0:00:14]} Kg6 {[%emt 0:01:24]} 29. Kf2 {[%emt 0:01:13]} Rf8 {[%emt 0:00:42]} 30. Ke3 {[%emt 0:00:15]} Ref7 {[%emt 0:01:38]} 31. Rf1 {[%emt 0:00:23]} Kh7 {[%emt 0:00:43]} 32. Rf2 {[%emt 0:01:35]} Rg8 {[%emt 0:02:42]} 33. Rc1 {[%emt 0:01:56]} Rgf8 {[%emt 0:00:20]} 34. Rd1 {[%emt 0:00:06]} Rg8 {[%emt 0:00:24]} 35. Re1 {[%emt 0:00:04]} Rgf8 {[%emt 0:00:10]} 36. Ref1 {[%emt 0:00:05]} Kh8 {[%emt 0:02:48]} 37. Rh1 {[%emt 0:00:56]} Kh7 {[%emt 0:04:08]} 38. Rc1 {[%emt 0:04:48]} Rg8 {[%emt 0:01:11]} 39. Rc3 {[%emt 0:00:29]} 1/2-1/2

[Event "EYCC 2017"]
[Site "Mamaia"]
[Date "2017.09.09"]
[Round "5"]
[White "Domingo Nunez, Alejandro"]
[Black "Vykouk, Jan"]
[Result "0-1"]
[WhiteElo "2321"]
[BlackElo "2440"]
[Annotator "TA"]
[PlyCount "76"]
[EventDate "2017.??.??"]
[EventType "swiss"]
[EventCountry "ROU"]
[SourceTitle "playchess.com"]
[Source "ChessBase"]
[SourceQuality "1"]

{[%evp 33,76,24,26,25,18,5,20,0,16,0,0,0,0,0,44,0,0,0,0,0,0,0,0,0,0,0,8,-281,-282,-749,-741,-975,-956,-29988,-29989,-29990,-29976,-29995,-29996,-29996,-29994,-29995,-29996,-29998,-29999]} 1. e4 c5 2. Nf3 d6 3. d4 cxd4 4. Nxd4 Nf6 5. Nc3 a6 6. f3 e5 7. Nb3 Be6 8. Be3 Be7 9. Qd2 O-O 10. O-O-O Nbd7 11. g4 b5 12. g5 b4 13. gxf6 {B90: Sicilian Najdorf: Unusual White 6th moves, 6 Be3 Ng4 and 6 Be3 e5} bxc3 14. Qxc3 Nxf6 15. Na5 Rc8 16. Nc6 Qc7 17. Nxe7+ Qxe7 {LiveBook: 65 Games} 18. Qa5 Rc6 19. Rg1 Rfc8 20. c3 {[#]} (20. Kb1 Nh5 {1-0 (39) Ponomariov,R (2699)-Navara,D (2737) Biel 2017}) 20... Qb7 $146 ({Find the theoretical novelty and annotate with similar games:} 20... Rb8 21. Rd2 Nh5 22. Be2 Nf4 23. Bd1 Qb7 24. Kb1 Nd3 25. Qa3 Nc5 26. Ka1 Qc7 27. Bc2 Rb5 {½-½ (27) Nekhaev,A (2556)-Daubenfeld,N (2521) ICCF email 2012}) 21. Bd3 g6 22. Bc2 Rb8 $40 {[%mdl 128] Black mounts an attack.} 23. Qa3 Bc4 24. Rxd6 Rxd6 25. Qxd6 Qxb2+ 26. Kd2 Ne8 {[%cal Bf6e8,Be8g7,Bg7h5][%mdl 32]} 27. Qxe5 Rd8+ 28. Bd4 {[%csl Gd4][%cal Re5h8]} f6 29. Qc5 Bxa2 {White must now prevent ...Nd6.} 30. Kd3 $2 {[%mdl 8192]} (30. e5 $11 {and White stays safe.}) 30... Ng7 $19 31. Qe7 $2 {[#]} (31. Qb4 Qxb4 32. cxb4) 31... Bc4+ $1 {[%mdl 512]} 32. Ke3 (32. Kxc4 Qb5#) 32... Rxd4 33. cxd4 Qc3+ {Black mates.} 34. Kf4 Qd2+ 35. Kg3 {[#]} Nh5+ $1 36. Kh3 Nf4+ 37. Kg3 Ne2+ 38. Kg2 Qg5+ {Precision: White = 18%, Black = 89%.} 0-1

[Event "EYCC 2017"]
[Site "Mamaia"]
[Date "2017.09.09"]
[Round "5"]
[White "Kucuksari, Kaan"]
[Black "Mukhutdinov, Tigran"]
[Result "1-0"]
[WhiteElo "2319"]
[BlackElo "2227"]
[Annotator "TA"]
[PlyCount "101"]
[EventDate "2017.??.??"]
[EventType "swiss"]
[EventCountry "ROU"]
[SourceTitle "playchess.com"]
[Source "ChessBase"]
[SourceQuality "1"]

{[%evp 20,101,12,14,40,27,22,17,100,0,8,0,0,0,91,6,16,5,166,173,166,184,166,170,295,287,291,283,258,136,255,255,257,252,327,298,375,300,360,357,335,155,163,154,266,262,290,284,293,289,302,304,382,382,381,335,415,407,383,256,339,332,355,325,673,683,675,488,654,643,660,644,675,685,689,662,1088,999,29983,29984,29982,29983,5206,5006]} 1. d4 d5 2. Nf3 e6 3. c4 c6 4. Qc2 dxc4 5. Qxc4 b5 6. Qc2 Bb7 7. g3 Nd7 8. Bg2 c5 9. O-O Ngf6 10. a4 a6 {[%cal Ba7a6,Ba6b5,Bb5b4][%mdl 32] D30: Queen's Gambit Declined: Systems without Nc3} 11. Bg5 {LiveBook: 23 Games} c4 $146 ({Find the theoretical novelty and annotate with similar games:} 11... Rc8 12. axb5 axb5 13. Qb3 b4 14. Nbd2 Be7 15. Bxf6 Bxf6 16. dxc5 {½-½ (43) Inarkiev,E (2691)-Bukavshin,I (2608) Loo 2014}) 12. Ne5 Bxg2 {White has an edge.} 13. Kxg2 Nb6 (13... Nxe5 $11 {keeps the balance.} 14. dxe5 Qd5+ 15. f3 Qxe5 16. Bxf6 gxf6) 14. axb5 (14. Nc3 $16) 14... axb5 $11 15. Nc3 b4 $1 {[%cal Rb4c3]} 16. Ne4 Be7 (16... Qd5 $1 $11 17. Bxf6 b3) 17. Bxf6 (17. Nxc4 $16 Rc8 18. b3) 17... gxf6 18. Nc6 Qd5 $2 (18... Qc8 $1 $11 {and Black stays safe.} 19. Nxe7 Kxe7) 19. Rxa8+ $18 Nxa8 {[#]} 20. Qa4 $1 $36 {[%mdl 2048] Black is under strong pressure.} Qxe4+ 21. f3 Qd5 ({Avoid the trap} 21... Qxe2+ $2 22. Rf2 $18) (21... Nb6 $142 22. Qb5 Qd5 23. Qxb6 Qd6) 22. Nxb4+ ({Don't play} 22. Qxa8+ $6 Bd8 $18) 22... Qd7 23. Qxa8+ Bd8 24. Rc1 (24. Nc6 $18) 24... O-O (24... Qxd4 $16 25. Qa4+ Kf8) 25. Rxc4 Be7 26. Qc6 Qa7 27. Nd3 Qa5 28. Qc7 Qd2 29. Rc2 Qd1 30. Kf2 (30. Nf2 $18 {and White stays clearly on top.} Qb1 31. Rc4) 30... Bd8 $16 31. Rc1 {[#] aiming for Qxd8.} Qa4 (31... Qxd3 $16 {was worth a try.} 32. exd3 Bxc7) 32. Qc4 $18 Qa7 33. Kg2 Be7 34. Qc7 Qxc7 35. Rxc7 {[%mdl 4096] Endgame KRB-KRN} Bd6 36. Rd7 Bb8 37. d5 Rc8 38. dxe6 fxe6 39. Nc5 Be5 40. Nxe6 Rc2 41. Kf2 Rxb2 $2 (41... Bxb2 42. Rg7+ Kh8) 42. f4 Bb8 43. Rg7+ Kh8 44. Rf7 {[%cal Rf7f8]} h5 45. Rxf6 Kh7 46. Kf3 Rb1 47. h4 Rf1+ 48. Ke4 Rg1 49. Rf7+ Kg6 50. Ng5 Bxf4 51. gxf4 {Precision: White = 52%, Black = 26%.} 1-0

[Event "EYCC 2017"]
[Site "Mamaia"]
[Date "2017.09.09"]
[Round "5"]
[White "Giannoulakis, Lampros"]
[Black "Esipenko, Andrey"]
[Result "1/2-1/2"]
[WhiteElo "2315"]
[BlackElo "2540"]
[Annotator "TA"]
[PlyCount "45"]
[EventDate "2017.??.??"]
[EventType "swiss"]
[EventCountry "ROU"]
[SourceTitle "playchess.com"]
[Source "ChessBase"]
[SourceQuality "1"]

{[%evp 15,45,0,22,0,0,0,31,32,43,35,37,38,75,72,63,66,65,42,40,38,75,40,37,34,31,31,31,30,19,27,48,19]} 1. d4 Nf6 2. c4 e6 3. Nc3 Bb4 4. e3 b6 5. Bd3 Bb7 6. Nf3 Ne4 7. O-O Bxc3 8. bxc3 f5 9. Ba3 {E43: Nimzo-Indian: Rubinstein: 4...b6} (9. Ne1 O-O 10. f3 Nf6 11. a4 d6 12. Nc2 Nc6 13. d5 exd5 14. cxd5 Ne5 15. c4 Nfd7 16. Be2 Nc5 17. Nd4 Bc8 18. a5 Bd7 {1-0 (41) Eljanov,P (2755)-Postny,E (2577) Copenhagen 2010}) 9... Nxc3 10. Qc2 Ne4 (10... Bxf3 $5 11. gxf3 Qg5+ 12. Kh1 Qh5 $11) 11. d5 $146 ({Predecessor:} 11. Ne5 d6 12. Qa4+ c6 13. Nf3 O-O 14. Bxe4 fxe4 15. Nd2 c5 16. Rab1 Bc6 {0-1 (45) Perez Ruiz,S (1885)-Piasetski,L (2289) Barcelona 2015}) 11... c5 12. Bxe4 fxe4 13. Qxe4 O-O 14. Bb2 exd5 15. cxd5 d6 16. Rad1 Bc8 17. Nd2 Na6 18. Qc4 Nc7 19. Qc3 {[%csl Gb2][%cal Rc3g7] [#]} Rf7 20. e4 Ba6 21. Rfe1 $1 ({But not} 21. Nc4 b5 $17) 21... Qf6 $1 {[%cal Rf6f2]} 22. Qxf6 gxf6 23. f4 {Precision: White = 54%, Black = 82%.} 1/2-1/2

[Event "EYCC 2017"]
[Site "Mamaia"]
[Date "2017.09.09"]
[Round "5"]
[White "Kouskoutis, Georgios-Alexandros"]
[Black "Sorokin, Aleksey"]
[Result "1-0"]
[WhiteElo "2314"]
[BlackElo "2486"]
[Annotator "TA"]
[PlyCount "121"]
[EventDate "2017.??.??"]
[EventType "swiss"]
[EventCountry "ROU"]
[SourceTitle "playchess.com"]
[Source "ChessBase"]
[SourceQuality "1"]

{[%evp 19,121,25,20,-23,-15,-34,-34,-46,-31,-36,8,10,51,66,68,71,100,95,97,87,162,114,168,153,154,142,185,147,187,188,270,277,260,264,235,149,273,288,281,261,258,53,96,95,91,81,89,23,22,13,31,26,19,18,13,9,18,19,36,33,45,17,62,66,70,80,96,52,68,72,68,79,75,71,77,64,75,77,76,78,89,69,140,117,117,44,48,52,34,39,47,56,66,66,170,74,122,150,326,53,12845,12845,12845,12846]} 1. c4 e5 2. g3 Nf6 3. Bg2 d5 4. cxd5 Nxd5 5. Nf3 Nc6 6. O-O Nb6 7. b3 {A20: English Opening: 1...e5} (7. Nc3 Be7 8. Rb1 a5 9. d3 O-O 10. Be3 Be6 11. a3 Nd5 12. Nxd5 Bxd5 13. Rc1 a4 14. Qc2 Re8 15. Rfe1 f5 16. Bc5 Bf6 17. e4 fxe4 18. dxe4 Bb3 19. Qc3 Qd7 20. Bf1 Red8 21. Bc4+ Bxc4 22. Qxc4+ {1-0 (82) Karjakin,S (2781)-Vachier Lagrave,M (2796) Paris 2017}) 7... g6 8. Nc3 Bg7 9. Ba3 a5 10. Rc1 Nb4 {LiveBook: 4 Games} 11. Ne1 $146 ({Predecessor:} 11. d3 O-O 12. Qd2 Re8 13. Rfd1 c6 14. e4 Bg4 {0-1 (39) Thompson,I (2160)-Himanshu,S (2493) Bangkok 2017}) 11... O-O 12. Nc2 Qe7 $1 13. Ne3 c6 14. Nc4 Nd7 15. Bb2 Rd8 (15... b5 $5 {[%cal Rb5c4]} 16. Ne3 e4 $11) 16. a3 $36 {[%mdl 2048] Black is under pressure.} Na6 17. Nxa5 e4 18. b4 f5 19. Qb3+ Kh8 (19... Qf7 $16 {was worth a try.}) 20. d3 {[%cal Rd3e4]} e3 (20... Nac5 $16 21. bxc5 Rxa5) 21. Nd1 {[%cal Bc3d1,Bd1f2,Bf2e4][%mdl 32]} exf2+ 22. Nxf2 Nf6 23. e4 Be6 24. Qc2 {And now exf5 would win.} Rab8 (24... fxe4 $142 25. dxe4 Rd7) 25. exf5 $18 Bxf5 26. Rce1 Qd7 27. Ne4 Ng4 (27... Nxe4 $16 28. dxe4 (28. Bxe4 Bh3 $16) 28... Bg4) 28. h3 Ne5 29. d4 Nf7 30. Nb3 $2 (30. Qf2 $18) 30... Ng5 31. h4 Bxe4 32. Bxe4 Nxe4 33. Qxe4 (33. Rxe4 $16 Rf8 34. Rxf8+ Rxf8 35. Nc5) 33... Re8 $11 34. Qf3 Rxe1 35. Rxe1 b6 36. Qg2 Nc7 37. Nc1 Re8 38. Rxe8+ Qxe8 39. Qe2 Qd7 40. Qe4 (40. Nd3 {feels hotter.} b5 41. Ne5 Qe6 42. Qg4 Qxg4 43. Nxg4 Kg8 44. Ne5) 40... Nb5 {[%cal Rb5d4]} 41. Ne2 Nd6 42. Qf3 $1 {Strongly threatening d5.} Kg8 43. Qb3+ Kf8 44. d5 cxd5 45. Bxg7+ Kxg7 46. Qxd5 {aiming for Qd4+.} Qe7 47. Qd4+ Kg8 48. Kf2 ({Much worse is} 48. Qxb6 Qxe2 49. Qxd6 Qe1+ 50. Kh2 Qe2+ 51. Kh3 Qf1+ 52. Kh2 Qf2+ 53. Kh3 Qf1+ 54. Kh2 Qf2+ 55. Kh1 Qf1+ 56. Kh2 $11) 48... b5 49. Nf4 Nf5 50. Qc5 Qe8 (50... Qe4 $14) 51. h5 Kg7 52. Qc3+ (52. g4 $16 Qe4 53. Qc7+ (53. gxf5 Qxf4+ 54. Kg2 Qxf5 $11) 53... Ne7 54. hxg6) 52... Kh6 $14 53. hxg6 hxg6 54. Qc1 {[#] Threatens to win with g4.} Kh7 55. g4 {[%cal Bg3g4,Bg4g5][%mdl 32]} Nh6 $1 56. g5 Nf7 (56... Ng4+ $14 57. Kg3 Qe3+ 58. Qxe3 Nxe3) 57. Qc7 (57. Qh1+ $18 {and White stays clearly on top.} Kg8 58. Qd5 (58. Nxg6 Qb8 $16)) 57... Kg7 {[#]} 58. Qc3+ $1 Kh7 $2 (58... Kg8 $16 {might work better.}) 59. Nd5 $2 ({Only move:} 59. Qf6 $18 Ne5 60. Ke2 Nc6+ 61. Kd2) 59... Qe6 $2 {[%mdl 8192]} (59... Qd8 $14 60. Nf6+ Kg7) 60. Nf6+ $18 Kg7 61. Nd7+ $1 {Precision: White = 58%, Black = 29%.} 1-0

[Event "EYCC 2017"]
[Site "Mamaia"]
[Date "2017.09.09"]
[Round "5"]
[White "Akhvlediani, Irakli"]
[Black "Thybo, Jesper Sondergaard"]
[Result "0-1"]
[WhiteElo "2303"]
[BlackElo "2466"]
[Annotator "TA"]
[PlyCount "48"]
[EventDate "2017.??.??"]
[EventType "swiss"]
[EventCountry "ROU"]
[SourceTitle "playchess.com"]
[Source "ChessBase"]
[SourceQuality "1"]

{[%evp 20,48,0,0,0,0,0,-37,-20,-40,-36,-35,-12,-41,0,-43,-52,-43,-42,-100,-99,-105,-107,-104,-113,-147,-108,-749,-750,-735,-727]} 1. d4 Nf6 2. c4 e6 3. Nf3 d5 4. g3 Bb4+ 5. Bd2 Be7 6. Bg2 O-O 7. O-O Nbd7 8. Qc2 c6 {[%cal Bc7c6,Bc6c5,Bc5c4][%mdl 32]} 9. Bf4 b6 {E11: Bogo-Indian} 10. Rc1 Bb7 11. cxd5 {LiveBook: 3 Games} Nxd5 {The position is equal.} 12. Bd2 c5 13. Nc3 Rc8 14. Nxd5 Bxd5 {[#]} 15. Qa4 $146 ({Predecessor:} 15. Be3 Bf6 16. Qd2 Qe7 17. dxc5 Nxc5 {0-1 (33) Ftacnik,L (2608)-Kasimdzhanov,R (2690) Germany 2001}) 15... Nf6 16. Bf4 Ne4 17. Rd1 c4 18. Nd2 Nxd2 19. Rxd2 (19. Bxd5 $15 Qxd5 20. Bxd2) 19... g5 $36 {[%cal Bg7g5,Bg5g4][%mdl 2080] Black is really pushing.} 20. Be3 f5 {[#] Threatens to win with ...f4.} 21. Bxd5 exd5 22. f4 g4 23. Qxa7 $2 {[%mdl 8192]} (23. Bf2 $17) 23... Ra8 $19 24. Qb7 Qd6 {Precision: White = 27%, Black = 79%.} 0-1